La presse magazine / (Record no. 34129)
[ view plain ]
| 000 -LEADER | |
|---|---|
| campo de control de longitud fija | 00666cam a2200265 4500 |
| 001 - NÚMERO DE CONTROL | |
| campo de control | 20332 |
| 005 - FECHA Y HORA DE LA ÚLTIMA TRANSACCIÓN | |
| campo de control | 20230410105317.0 |
| 008 - DATOS DE LONGITUD FIJA--INFORMACIÓN GENERAL | |
| campo de control de longitud fija | 060907s1999 fr fre |
| 020 ## - NÚMERO INTERNACIONAL ESTÁNDAR DEL LIBRO | |
| Número Internacional Estándar del Libro | 2707130281 |
| 035 ## - NÚMERO DE CONTROL DEL SISTEMA | |
| -- | funglode20484 |
| 041 ## - CÓDIGO DE IDIOMA | |
| Código de lengua del texto/banda sonora o título independiente | fre |
| 050 14 - SIGNATURA TOPOGRÁFICA DE LA BIBLIOTECA DEL CONGRESO | |
| Número de clasificación | H 61 |
| Número de ítem | R425 |
| 100 1# - ENTRADA PRINCIPAL--NOMBRE DE PERSONA | |
| Nombre de persona | Charon, Jean Marie |
| 130 1# - ENTRADA PRINCIPAL--TÍTULO UNIFORME | |
| Título uniforme | Reperes |
| 245 13 - MENCIÓN DEL TÍTULO | |
| Título | La presse magazine / |
| Mención de responsabilidad, etc. | Jean Marie Charon |
| 260 ## - PUBLICACIÓN, DISTRIBUCIÓN, ETC. | |
| Lugar de publicación, distribución, etc. | París : |
| Nombre del editor, distribuidor, etc. | La Découverte, |
| Fecha de publicación, distribución, etc. | 1999 |
| 300 ## - DESCRIPCIÓN FÍSICA | |
| Extensión | 123 p. |
| 440 #0 - MENCIÓN DE SERIE/PUNTO DE ACCESO ADICIONAL--TÍTULO | |
| Título | Reperes; |
| Designación de volumen o secuencia | n.264 |
| 490 0# - MENCIÓN DE SERIE | |
| Mención de serie | Repères économie; |
| Designación de volumen o secuencia | 264 |
| 650 #0 - PUNTO DE ACCESO ADICIONAL DE MATERIA--TÉRMINO DE MATERIA | |
| Término de materia o nombre geográfico como elemento de entrada | Press |
| Subdivisión geográfica | France. |
| 650 #4 - PUNTO DE ACCESO ADICIONAL DE MATERIA--TÉRMINO DE MATERIA | |
| Término de materia o nombre geográfico como elemento de entrada | Prensa |
| Subdivisión geográfica | Francia. |
| 650 #4 - PUNTO DE ACCESO ADICIONAL DE MATERIA--TÉRMINO DE MATERIA | |
| Término de materia o nombre geográfico como elemento de entrada | 20150800 |
| 730 0# - ASIENTO SECUNDARIO--TITULO UNIFORME | |
| Título uniforme | Collection Reperes |
| 942 ## - ELEMENTOS DE ENTRADA SECUNDARIOS (KOHA) | |
| Fuente del sistema de clasificación o colocación | Clasificación de Library of Congress |
| Tipo de ítem Koha | |
| Estatus retirado | Estado de pérdida | Fuente del sistema de clasificación o colocación | Estado de daño | No para préstamo | Colección | Biblioteca de origen | Biblioteca actual | Ubicación en estantería | Fecha de adquisición | Serial enumeration / chronology | Signatura topográfica completa | Código de barras | Visto por última vez | Copia número | Tipo de ítem Koha |
|---|---|---|---|---|---|---|---|---|---|---|---|---|---|---|---|
| Clasificación de Library of Congress | Ciencias Sociales | Biblioteca Juan Bosch | Biblioteca Juan Bosch | Ciencias Sociales (3er. Piso) | 24/10/2018 | 1 | H 61 R425 | 00000019610 | 24/10/2018 | 1 |
